LEADER 01864nam0 22003371i 450 001 UON00514118 005 20240308124401.947 100 $a20230509d1954 |0itac50 ba 101 $aita 102 $aIT 105 $a|||| ||||| 200 1 $aDiario$fEugène Delacroix$ga cura di Lamberto Vitali 210 $aTorino$cEinaudi$d1954 215 $a3 v.$cill.$d22 cm. 410 1$1001UON00486138$12001 $aSaggi$v179 464 1$1001UON00514128$12001 $aDiario. 1: 1804-1852$fEugène Delacroix$1210 $aTorino$cEinaudi$d1954$1215 $aXLVI, 468 p., [54] c. di tav.$cill.$d22 cm.$v1 464 1$1001UON00514129$12001 $aDiario. 2: 1804-1852$fEugène Delacroix$1210 $aTorino$cEinaudi$d1954$1215 $aXLVI, 468 p., [54] c. di tav.$cill.$d22 cm.$v2 464 1$1001UON00523441$12001 $aDiario. 3: 1857-1863$fEugène Delacroix$1210 $aTorino$cEinaudi$d1954$1215 $aVII, 477 p., [18] c. di tav.$cill.$d22 cm.$v3 606 $aDelacroix Eugène$xDiari e memorie$3UONC101260$2FI 620 $aIT$dTorino$3UONL000014 676 $a759.4$cPittura. Storia, geografia, persone. Francia$v21 700 1$aDelacroix$bEugène$3UONV289034$00 702 1$aVitali$bLamberto$3UONV111948 712 $aEinaudi$3UONV246211$4650 801 $aIT$bSOL$c20260213$gRICA 912 $aUON00514118 950 $aSIBA - SISTEMA BIBLIOTECARIO DI ATENEO E ARCHIVIO STORICO$dSI '800 093 (1) $eSI LO 8164 7 (1) 950 $aSIBA - SISTEMA BIBLIOTECARIO DI ATENEO E ARCHIVIO STORICO$dSI '800 093 (2) $eSI LO 8165 7 (2) 950 $aSIBA - SISTEMA BIBLIOTECARIO DI ATENEO E ARCHIVIO STORICO$dSI '800 093 (3) $eSI LO 8166 7 (3) 996 $aDiario$9268971 997 $aUNIOR